[Event "IECC O email"]
[Site "IECC email"]
[Date "2001.08.13"]
[Round "?"]
[White "Sheehan, Michael J"]
[Black "Schaefer, Reid Howard"]
[Result "1-0"]
[WhiteElo "1554"]
[BlackElo "1700"]
[PlyCount "25"]
[EventDate "2001.??.??"]
[EventType "tourn (corr)"]
[EventRounds "6"]
[SourceTitle "Corr 2008"]
[Source "ChessBase"]
[SourceDate "2008.06.24"]
[SourceVersion "1"]
[SourceVersionDate "2008.06.24"]
[SourceQuality "1"]

1. d4 Nf6 2. c4 e6 3. Nf3 g6 4. Nc3 Bg7 5. e4 0-0 6. Be2 d5 7. e5 Ng4 8. cxd5 exd5 9. h3 Nh6 10. Bg5 Qd7 11. Qc1 c6 12. Bxh6 Bxh6 13. Qxh6 1-0